Supersoft x-ray sources : (Record no. 7213)

MARC details
000 -LEADER
fixed length control field 01261cam a2200325 i 4500
003 - CONTROL NUMBER IDENTIFIER
control field EG-ScBUE
005 - DATE AND TIME OF LATEST TRANSACTION
control field 20250120105211.0
008 - FIXED-LENGTH DATA ELEMENTS--GENERAL INFORMATION
fixed length control field 090630t1996 gw a f b 001 0 eng d
020 ## - INTERNATIONAL STANDARD BOOK NUMBER
International Standard Book Number 3540613900 (hardcover : acid-free paper)
020 ## - INTERNATIONAL STANDARD BOOK NUMBER
International Standard Book Number 9783540613909
040 ## - CATALOGING SOURCE
Original cataloging agency EG-ScBUE
Language of cataloging eng
Description conventions rda
Transcribing agency EG-ScBUE
Modifying agency EG-ScBUE
082 04 - DEWEY DECIMAL CLASSIFICATION NUMBER
Classification number 523.8
Item number GRE
Edition number 22
111 1# - MAIN ENTRY--MEETING NAME
Meeting name or jurisdiction name as entry element Proceedings of the international workshop on supersoft x-ray sources :
Date of meeting (1996 :
Location of meeting Garching, Germany)
245 00 - TITLE STATEMENT
Title Supersoft x-ray sources :
Remainder of title proceedings of the international workshop held in Garching, Germany, 28 February -1 March 1996 /
Statement of responsibility, etc edited by Jochen Greiner.
264 #1 - PUBLICATION, DISTRIBUTION, ETC. (IMPRINT)
Place of publication, distribution, etc Heidelberg :
Name of publisher, distributor, etc Springer-Verlag,
Date of publication, distribution, etc [1996]
264 #4 - PUBLICATION, DISTRIBUTION, ETC. (IMPRINT)
Date of publication, distribution, etc c1996
300 ## - PHYSICAL DESCRIPTION
Extent xiii, 350 pages :
Other physical details illustrations ;
Dimensions 24 cm.
336 ## - CONTENT TYPE
Source rdacontent
Content type term text
Content type code txt
337 ## - MEDIA TYPE
Media type term unmediated
Source rdamedia
Media type code n
338 ## - CARRIER TYPE
Carrier type term volume
Carrier type code nc
Source rdacarrier
490 0# - SERIES STATEMENT
Series statement Lecture notes in physics
504 ## - BIBLIOGRAPHY, ETC. NOTE
Bibliography, etc Includes bibliographical references and index.<br/>
650 #7 - SUBJECT ADDED ENTRY--TOPICAL TERM
Topical term or geographic name as entry element X-ray binaries
General subdivision Congresses.
9 (RLIN) 7321
Source of heading or term BUEsh
650 #7 - SUBJECT ADDED ENTRY--TOPICAL TERM
Topical term or geographic name as entry element X-ray sources, Galactic
General subdivision Congresses.
9 (RLIN) 7322
Source of heading or term BUEsh
651 ## - SUBJECT ADDED ENTRY--GEOGRAPHIC NAME
Source of heading or term BUEsh
653 ## - INDEX TERM--UNCONTROLLED
Resource For college Pharmacy
Arrived date list August2015
655 ## - INDEX TERM--GENRE/FORM
Form subdivision Reading book
700 1# - ADDED ENTRY--PERSONAL NAME
Personal name Greiner, Jochen,
Dates associated with a name 1959-
9 (RLIN) 7323
Relator term editor.
942 ## - ADDED ENTRY ELEMENTS (KOHA)
Koha item type Book - Borrowing
Source of classification or shelving scheme Dewey Decimal Classification
Holdings
Withdrawn status Lost status Source of classification or shelving scheme Damaged status Not for loan Collection code Home library Current library Shelving location Date acquired Source of acquisition Total Checkouts Full call number Barcode Date last seen Koha item type Cost, normal purchase price Serial Enumeration / chronology Price effective from
    Dewey Decimal Classification     Baccah Central Library Central Library First floor 08/01/2016 Purchase   523.8 GRE 000008813 15/07/2025 Book - Borrowing      
    Dewey Decimal Classification     Alahram Central Library Central Library First floor 30/06/2009 Purchase   523.8 GRE 000017255 15/07/2025 Book - Borrowing 314.80 72 30/06/2009